Normal view MARC view
  • Lee, T. A. |q (Thomas Alexander)

Entry Personal Name

Number of records used in: 1

001 - CONTROL NUMBER

  • control field: 5988

003 - CONTROL NUMBER IDENTIFIER

  • control field: OSt

005 - DATE AND TIME OF LATEST TRANSACTION

  • control field: 20170518113235.0

008 - FIXED-LENGTH DATA ELEMENTS

  • fixed length control field: 170518|| aca||aabn | a|a d

040 ## - CATALOGING SOURCE

  • Original cataloging agency: OSt
  • Transcribing agency: OSt

100 ## - HEADING--PERSONAL NAME

  • Personal name: Lee, T. A. |q (Thomas Alexander)

670 ## - SOURCE DATA FOUND

  • Source citation: Work cat.: (OSt): Lee, T. A. |q (Thomas Alexander), Cash flow accounting / , 1984.
Pusat Sumber Maklumat Dato' Haji Sarmin Md Hussin, Akademi Kastam Diraja Malaysia, Melaka
Tel: 06-2331106 | Faks: 06-2313787